Exits of German A2 Quiz Stats

 Plays Quiz not verified by Sporcle

Support Sporcle.
Go Orange.
Score 0/85 Timer 20:00
0 Plays Today
Exit Number Name % Correct
44Hannover/Langenhagen
100%
1 (Interchange)Kreuz Oberhausen
93.8%
25 (Interchange)Kreuz Bielefeld
81.3%
68 (Interchange)Kreuz Magdeburg
81.3%
81 (Interchange)Dreieck Werder
81.3%
3Bottrop
75%
3 (Interchange)Dreieck Bottrop
75%
18Hamm
75%
43 (Interchange)Dreieck Hannover-West
75%
48 (Interchange)Kreuz Hannover-Ost
75%
8 (Interchange)Kreuz Recklinghausen
68.8%
12 (Interchange)Kreuz Dortmund-Nordwest
68.8%
33Porta Westfalica
68.8%
41Garbsen
68.8%
55 (Interchange)Kreuz Braunschweig-Nord
68.8%
58 (Interchange)Kreuz Wolfsburg/Königslutter
68.8%
5Essen/Gladbeck
62.5%
6Gelsenkirchen-Buer
62.5%
15Kamen/Bergkamen
62.5%
16 (Interchange)Kamener Kreuz
62.5%
24Gütersloh
62.5%
26Bielefeld-Süd
62.5%
27Bielefeld-Ost
62.5%
32 (Interchange)Kreuz Bad Oeynhausen
62.5%
52 (two Exits 52)Peine
62.5%
57Braunschweig-Ost/Lehre
62.5%
63Helmstedt/Marienborn
62.5%
70Magdeburg-Zentrum
62.5%
21Oelde
56.3%
Exit Number Name % Correct
23Rheda-Wiedenbrück
56.3%
49Lehrte
56.3%
78Brandenburg
56.3%
13Dortmund-Nordost
50%
19Hamm-Uentrop
50%
29Herford/Bad Salzuflen
50%
59Königslutter
50%
62Helmstedt-Zentrum
50%
12 (There are two of Exit 12)Dortmund-Mengede
43.8%
31Vlotho-West
43.8%
35Bad Eilsen
43.8%
39Wunstorf-Kolenfeld
43.8%
42Hannover-Herrenhausen
43.8%
61Helmstedt-West
43.8%
63 (two Exits 63)Helmstedt-Ost
43.8%
67Irxleben
43.8%
69Magdeburg-Kannenstieg
43.8%
20Beckum
37.5%
28Ostwestfalen/Lippe
37.5%
38Bad Nenndorf
37.5%
40Wunstorf-Luthe
37.5%
45Hannover-Bothfeld
37.5%
46Hannover-Lahe
37.5%
47 (Interchange)Kreuz Hannover-Buchholz
37.5%
50Lehrte-Ost
37.5%
51Hämelerwald
37.5%
52Peine-Ost
37.5%
53Braunschweig-Watenbüttel
37.5%
54Braunschweig-Hafen
37.5%
Exit Number Name % Correct
56Braunschweig-Flughafen
37.5%
60Rennau
37.5%
64Alleringersleben
37.5%
65Eilsleben
37.5%
71Magdeburg-Rothensee
37.5%
76Ziesar
37.5%
77Wollin
37.5%
2Oberhausen-Königshardt
31.3%
7Herten
31.3%
34Veltheim
31.3%
36Rehren
31.3%
37Lauenau
31.3%
73Burg-Zentrum
31.3%
74Burg-Ost
31.3%
75Theeßen
31.3%
80Lehnin
31.3%
9Recklinghausen-Süd
25%
10Recklinghausen-Ost
25%
17Bönen
25%
22Herzebrock-Clarholz
25%
30Herford-Ost
25%
66Bornstedt
25%
72Lostau
25%
4Gladbeck-Ellinghorst
18.8%
11Henrichenburg
12.5%
79Netzen
12.5%
14Dortmund-Lanstrop
6.3%

You're not logged in!

Compare scores with friends on all Sporcle quizzes.
OR
Log In

From the Vault

Countries That Don't End in a Vowel (A-Z)

by pator

So they end with that other thing, what's it called again?
Remove Ads.
Support Sporcle.
Get the best of Sporcle when you Go Orange. This ad-free experience offers more features, more stats, and more fun while also helping to support Sporcle. Thank you for becoming a member.

Show Comments

Extras

Created Jul 13, 2019ReportNominate
Tags:A 2, autobahn, Exit, Highway Exits

Top Quizzes Today


Score Distribution

Your Account Isn't Verified!

In order to create a playlist on Sporcle, you need to verify the email address you used during registration. Go to your Sporcle Settings to finish the process.

Report this User

Report this user for behavior that violates our Community Guidelines.

Details: